|
|
|
|
| LEADER |
01303cam a2200337 7i4500 |
| 001 |
0000069946 |
| 005 |
20260223090000.0 |
| 020 |
|
|
|a 9789957800673 (hardback)
|
| 090 |
0 |
0 |
|a BP144
|b .A84 2010
|
| 100 |
1 |
|
|a Ashur, Al-Sheikh Muhammad al-Tahir
|
| 245 |
1 |
0 |
|a Maqasid al-shar'iah al-islamiyah
|c Al-Sheikh Muhammad al-Tahir Ashur ; edited by Muhammad Tohir al-Masawi.
|
| 264 |
|
|
|a Amman:
|b Dar al-Nafais,
|c 2010.
|
| 300 |
|
|
|a 533 pages;
|c 24 cm.
|
| 336 |
|
|
|a text
|2 rdacontent
|
| 337 |
|
|
|a unmediated
|2 rdamedia
|
| 337 |
|
|
|a computer
|2 rdamedia
|
| 338 |
|
|
|a online resource
|2 rdacarrier
|
| 338 |
|
|
|a volume
|2 rdacarrier
|
| 500 |
|
|
|a Gift: Yayasan Heritage Kuwait
|
| 650 |
|
0 |
|a Islamic law
|
| 655 |
|
0 |
|a Electronic books
|
| 700 |
1 |
|
|a Al-Masawi, Muhammad Tohir
|
| 856 |
4 |
2 |
|u http://library.unisel.edu.my/web/guest/mylibrary
|
| 997 |
|
|
|a IDE Resource Centre
|
| 997 |
|
|
|a Education & Social Sciences, Faculty
|b Islamic Studies, Department
|
| 997 |
|
|
|a Centre for Graduate Studies
|
| 997 |
|
|
|a Perpustakaan Peringatan Siddiq Fadzil, Balai Rakyat
|
| 998 |
|
|
|a Islamic Chaplaincy, Certificate
|
| 999 |
|
|
|a 0000071585
|b BOK
|c OPEN SHELF
|e 1st Floor, Bestari Jaya
|
| 999 |
|
|
|a EBO0021335
|b EBOOK
|c EBOOK
|e Electronic resources
|
| 999 |
|
|
|a IDE0000263
|b BOK
|c CLOSED ACCESS COLLECTION
|e IDE Resource Centre
|